000 00823nam a2200265 i 4500
003 DO-SdBNP
005 20251015143030.0
007 ta
008 150612s2002 dr 000 0 spa d
020 _a9993458066
040 _aDO-SdBNP
_bspa
_cBNPHU
_erda
041 _aspa
082 4 _axxx
_bL791t
_222
100 _aLladó, Juan A.,
_eautor
_4aut.
_937138
245 1 0 _aTurismo y desarrollo :
_bel despegue de la industria sin chimeneas en la República Dominicana /
_cJuan A. Lladó.
250 _aPrimera edición
264 1 _aSanto Domingo :
_bEditora Centenario,
_c2002.
300 _avolumen ;
_c23 cm.
336 _atexto
_btxt
_2rdacontent
337 _asin mediación
_bn
_2rdamedia
338 _avolumen
_bnc
_2rdacarrier
590 _aInventariado, 2025/BT
910 _aBtavárez
942 _2ddc
_cLBS1
999 _c59964
_d59964